| 000 | 00491nam a2200181 a 4500 | ||
|---|---|---|---|
| 005 | 20140310183415.0 | ||
| 008 | 070914s19uu xx 00 eng d | ||
| 020 | _a1401815731 | ||
| 050 |
_aNC 650 _b.V395 2005 |
||
| 100 | _aVebell, Victoria | ||
| 245 | _aExploring the basics of drawing. | ||
| 260 |
_aU.S.A : _bThomson Delmar Learning, _c2005. |
||
| 300 |
_a226 p. : _bcol. ill. ; _c26 CM. |
||
| 521 | _aMA | ||
| 650 |
_aDrawing _xTechnique. |
||
| 942 |
_cBK _2lcc _kFOR |
||
| 999 |
_c22559 _d22559 |
||